| 000 -LEADER |
| fixed length control field |
01629cam a2200409 i 4500 |
| 001 - CONTROL NUMBER |
| control field |
18988472 |
| 005 - DATE AND TIME OF LATEST TRANSACTION |
| control field |
20221105214131.0 |
| 008 - FIXED-LENGTH DATA ELEMENTS--GENERAL INFORMATION |
| fixed length control field |
160224t20172017enka b 001 0 eng |
| 010 ## - LIBRARY OF CONGRESS CONTROL NUMBER |
| LC control number |
2016006776 |
| 020 ## - INTERNATIONAL STANDARD BOOK NUMBER |
| International Standard Book Number |
9780134170718 (alk. paper) 1 |
| 020 ## - INTERNATIONAL STANDARD BOOK NUMBER |
| International Standard Book Number |
0134170717 (alk. paper) 1 |
| 040 ## - CATALOGING SOURCE |
| Original cataloging agency |
DLC |
| Language of cataloging |
eng |
| Transcribing agency |
DLC |
| Description conventions |
rda |
| Modifying agency |
DLC |
| 041 ## - LANGUAGE CODE |
| Language code of text/sound track or separate title |
eng |
| 042 ## - AUTHENTICATION CODE |
| Authentication code |
pcc |
| 050 00 - LIBRARY OF CONGRESS CALL NUMBER |
| Classification number |
RC424.7 |
| Item number |
.B47 2017 |
| 080 ## - UNIVERSAL DECIMAL CLASSIFICATION NUMBER |
| Universal Decimal Classification number |
376.36 +616.89 B-49 |
| 100 1# - MAIN ENTRY--PERSONAL NAME |
| Personal name |
Bernthal, John E., |
| Relator term |
author. |
| 9 (RLIN) |
575 |
| 245 10 - TITLE STATEMENT |
| Title |
Articulation and phonological disorders : |
| Remainder of title |
speech sound disorders in children / |
| Statement of responsibility, etc. |
John E. Bernthal, University of Nebraska-Lincoln, Nicholas W. Bankson, James Madison University, Peter Flipsen JR., Pacific University, Oregon. |
| 250 ## - EDITION STATEMENT |
| Edition statement |
Eighth edition. |
| 264 #1 - PRODUCTION, PUBLICATION, DISTRIBUTION, MANUFACTURE, AND COPYRIGHT NOTICE |
| Place of production, publication, distribution, manufacture |
Boston : |
| Name of producer, publisher, distributor, manufacturer |
Pearson, |
| Date of production, publication, distribution, manufacture, or copyright notice |
[2017] |
| 264 #4 - PRODUCTION, PUBLICATION, DISTRIBUTION, MANUFACTURE, AND COPYRIGHT NOTICE |
| Date of production, publication, distribution, manufacture, or copyright notice |
©2017 |
| 300 ## - PHYSICAL DESCRIPTION |
| Extent |
x, 383 pages : |
| Other physical details |
illustrations ; |
| Dimensions |
29 cm. |
| 336 ## - CONTENT TYPE |
| Content type term |
text |
| Source |
rdacontent |
| 337 ## - MEDIA TYPE |
| Media type term |
unmediated |
| Source |
rdamedia |
| 338 ## - CARRIER TYPE |
| Carrier type term |
volume |
| Source |
rdacarrier |
| 504 ## - BIBLIOGRAPHY, ETC. NOTE |
| Bibliography, etc. note |
Includes bibliographical references (pages 334-368) and index. |
| 650 #0 - SUBJECT ADDED ENTRY--TOPICAL TERM |
| Topical term or geographic name entry element |
Articulation disorders. |
| 9 (RLIN) |
576 |
| 653 ## - INDEX TERM--UNCONTROLLED |
| keyword |
მეტყველების დარღვევა ბავშვებში |
| 653 ## - INDEX TERM--UNCONTROLLED |
| keyword |
ლოგოპედია |
| 653 ## - INDEX TERM--UNCONTROLLED |
| keyword |
განათლება |
| 653 ## - INDEX TERM--UNCONTROLLED |
| keyword |
მედიცინა |
| 700 1# - ADDED ENTRY--PERSONAL NAME |
| Personal name |
Bankson, Nicholas W., |
| Relator term |
author. |
| 9 (RLIN) |
577 |
| 700 1# - ADDED ENTRY--PERSONAL NAME |
| Relator term |
Flipsen, Peter, |
| 9 (RLIN) |
579 |
| 906 ## - LOCAL DATA ELEMENT F, LDF (RLIN) |
| a |
7 |
| b |
cbc |
| c |
orignew |
| d |
1 |
| e |
ecip |
| f |
20 |
| g |
y-gencatlg |
| 942 ## - ADDED ENTRY ELEMENTS (KOHA) |
| Source of classification or shelving scheme |
|
| Koha item type |
წიგნი |